00986nam a2200217 a 450000100100000000500170001000800410002702000150006804000250008308200150010810000460012324501180016926000930028730000350038049000240041550000730043950400280051283000330054095201780057399900170075100004508820201002045852.0150202s1985 mx a 000 0 spa d a9688374466 aDO-SdBNPbspacBNPHU axxxxbxxxx1 aCamarillo Carbajal, María Teresa97310513aLa represión a la prensa en América Latina :bhemerografía, 1978-1982 /cMaría Teresa Camarillo Carbajal. aMéxico :bUniversidad Nacional Autónoma de México,bImprenta Universitaria,c1985. axxxii, 143 p. :bil. ;c21 cm.1 aArchivo presentev1 aIncluye referencias bibliográficas y notas al pie de las páginas aBibliografía : p. 145 0aArchivo presente ;n1973106 001050718MOaGRbGRcCTd2015-02-02iLF1l0oxxxx xxxxp45088-10r2020-06-25w2020-06-25y1zPerteneció a la biblioteca personal de Germán Emilio Ornes.ZNo se presta c44577d44577